000 00458nam a2200193Ia 4500
008 170918s9999 xx 000 0 und d
020 _a9780590411363
050 _bP743 1978
100 _aPoe, Edgar Allan
245 _aEight tales of terror /
245 _cEdgar Allan Poe.
260 _aNew York :
260 _bScholastic,
260 _c1978
300 _a196 pages :
300 _bcolored illustration ;
300 _c17cm.
500 _a1340
999 _c342378
_d342378